Devine l'émission de télé - Statistiques

Statistiques générales
  • Ce quiz a été pris 171 fois
  • Le résultat moyen est 14 sur 16
Statistiques - réponses
Par images Réponse % Correct
koh lanta
99%
fort boyard
97%
the voice
97%
cauchemar en cuisine
94%
secret story
93%
pekin express
92%
star academy
91%
vendredi tout est permis
89%
le meilleur patissier
85%
mask singer
85%
super nanny
82%
un diner presque parfait
81%
4 mariages pour une lune de miel
78%
top chef
78%
danse avec les stars
76%
la france a un incroyable talent
66%
Aucun quiz correspondant
Distribution des résultats
% des personnes avec chaque résultat
Percentile par nombre de réponses
Votre historique - résultats
Vous n’avez pas pris ce quiz